| 000 | 00625nam a2200217 a 4500 | ||
|---|---|---|---|
| 001 | BRCA_2710 | ||
| 005 | 20190320203932.0 | ||
| 008 | 031208s1961----stka---###---#000-0#eng-u | ||
| 050 | 4 |
_aSB409 _b.K87 1961 |
|
| 100 | 1 |
_aKupper, Walter _97664 |
|
| 245 | 1 | 0 |
_aOrchids _cWalter Kupper, Walter Linsenmaier ; tr. by Jean W. Little. |
| 260 |
_aEdinburgh _bNelson _c1961 |
||
| 300 |
_a128 p. _bil. _c30 cm. |
||
| 500 | _aIncluye lista de ilustraciones. | ||
| 500 | _aAA54 | ||
| 650 | 1 | 4 |
_aOrquÃdeas _97665 |
| 700 | 1 |
_aLinsenmaier, Walter _ecoaut. _97666 |
|
| 700 | 1 |
_aLittle, Jean W. _etr. _97667 |
|
| 902 | _aGFM | ||
| 942 |
_2lcc _cB |
||
| 999 |
_c2450 _d2450 |
||